000 00522nam a2200169 i 4500
001 30411
003 ES-MaACL
005 20230906154206.0
007 t|
008 030124s1968 sp ||||1| spa d
245 0 0 _aBautizar en la fe de la Iglesia /
_cS. Elespe... [et al.] ; presentación de José María Martín Patino.
260 _aMadrid :
_bMarova,
_c[1968]
300 _a194 p. ;
_c21 cm.
700 1 _aElespe, S.
_946932
700 1 _aMartín Patino, José María.
_977597
852 _aES-MaACL
_jC-49894
_bR.66572
999 _c30411
_d30411